| 000 | 00519 a2200181 4500 | ||
|---|---|---|---|
| 999 |
_c29534 _d29534 |
||
| 003 | NUST | ||
| 005 | 20180118140415.0 | ||
| 008 | 180118b xxu||||| |||| 00| 0 eng d | ||
| 020 | _a0471485993 | ||
| 020 | _a9780471485995 | ||
| 082 | _a519.72 | ||
| 100 | 1 |
_aBazaraa, Mokhtar S. _98787 |
|
| 245 | 1 | 0 |
_aLinear programming and network flows / _cMokhtar S. Bazaraa, John J. Jarvis, Hanif D. Sherali. |
| 250 | _a3rd ed. | ||
| 260 |
_a[S.l.] : _bWiley-Interscience, _c2004. |
||
| 300 |
_a744 p. ; _c24 cm. |
||
| 700 | 1 |
_aJarvis, John J. _98788 |
|
| 700 | 1 |
_aSherali, Hanif D. _98789 |
|
| 942 |
_aSNS _cBK _k519.72 BAZ _2ddc |
||